| 000 | 00801nam a22002897a 4500 | ||
|---|---|---|---|
| 001 | 8049 | ||
| 003 | FISKH | ||
| 005 | 20250819153953.0 | ||
| 008 | 250819b cb ||||| |||| 00| 0 eng d | ||
| 020 | _a0439148715 | ||
| 040 |
_aFISKH _beng _cFISKH _dFISKH |
||
| 050 | _aQL666.O6 S456 | ||
| 082 | _a597.96 | ||
| 100 | _aSimon, Seymour | ||
| 245 |
_aSnakes / _cBy Seymour Simon |
||
| 250 | _aFirst Scholastic printing, Februrary 2000 | ||
| 260 |
_aNew York : _bScholastic , _c1992. |
||
| 300 |
_a24 unnumbered pages : _bcolor illustrations ; _c23 X 28 cm . |
||
| 490 | _aSee In 3-D | ||
| 505 | _aM | ||
| 521 | 8 |
_a550
_bLexile estimate |
|
| 521 | 8 |
_aM
_bRaz-Plus |
|
| 650 |
_aSnakes _vNon-fiction |
||
| 650 |
_aAnimals _vNon-fiction |
||
| 942 |
_2ddc _cBK _n0 |
||
| 999 |
_c8049 _d8049 |
||